000 00674cam a2200229 4500
001 M91514
008 090401t1998 xxu||||| |||| 00| 0 eng d
035 _a(Sirsi) u85996
041 _aeng
050 _a333.33025
110 _aRoyal Institution of Chartered Surveyors
_94900
245 _aChartered surveyors international directory 1998-99.
260 _aLondon
_bWaterlow Specialist Information Publishing
_c1998
300 _a63,8,52,8p. ; 24cm.
350 _a0
520 _aCover title.
650 _aABOUT RICS-RICS MEMBERS
650 _aDIRECTORIES
690 _aMANAGEMENT-BUSINESS MANAGEMENT-PROFESSIONAL PRACTICE
942 _n0
948 _c06/05/1998
999 _c97098
_d97098